00916 2200313 4500001002100000005001500021035002000036007000300056008004100059020002200100082001400122084001600136245006200152250002600214300004300240650001300283504003300296264003700329336002100366337003000387338002300417040002200440090002200462850001200484999002200496100002900518700003300547990002200580INLIS00000000090343520260303110759 a0010-0326000093ta260303b2025 yoia g | ind d a978-634-7014-09-204223a153.8 a153.8 TRI n10aNo one owes you closure /cD. Tri Utami, Windy Anggraiana aCetakan Pertama: 2025 axii, 184 halaman :bilustrasi ;c19 cm 4aMotivasi aBibliografi: halaman 181-18231aSleman :bBrilliant Books,c2025 2rdacontentateks 2rdamediaatanpa perantara 2rdacarrieravolume aYOPDYOGbinderda aCB-D.11 2025-5572 aYOPDYOG aCB-D.11/2025-55721 aTri Utami, D.ePengarang0 aWindy AnggraianaePenyunting aCB-D.11/2025-5572